000 00695nam a2200241 i 4500
001 C2-0300158
003 PPAK
005 20180728081722.0
008 091029s2006 my |||| ||||| | eng d
020 _a9679427757
040 _aPPAK
_beng
_cPPAK
_erda
082 0 4 _a344.595046
_223
090 0 0 _a344.595046
_bSUZ
_dR
100 0 _aSuzanna Mohamed Isa,
_eauthor
245 1 0 _aEnvironmental law in Malaysia
264 1 _aBangi, Selangor :
_bPenerbit Universiti Kebangsaan Malaysia ,
_c2006
300 _a124 pages ;
_c22 cm
336 _2rdacontent
_atext
337 _2rdamedia
_aunmediated
338 _2rdacarrier
_avolume
650 1 0 _aEnvironmental law - Malaysia.
942 _ddc
_cB
999 _c104069
_d104069